• 首页
  • 本馆介绍
  • 公告通知
  • 最新文献
  • 馆藏检索
  • 电子资源
  • 读者导购
  • 参考咨询
  • 我的图书馆
  • 登录
  • 详细信息显示
  • 放入我的书架
  • 预约/预借图书
  • 作者相关作品
  • 分类相关作品
  • 丛书相关作品
  • 出版社相关作品

书目信息

  • 表格格式
  • 工作单格式
  • 卡片格式
题名:
武术劲扇
    
 
作者: 陆根秀 编著
分册:  
出版信息: 上海   上海教育出版社  2005.01
页数: 106页
开本: 19cm
丛书名:
单 册:
中图分类: G852.29
科图分类:
主题词: 武术 , 民族形式体育
电子资源:
ISBN: 7-5320-9925-3
000 00615nam0 2200217 450
001 0741580638
005 20080108204051.69
010    @a7-5320-9925-3@dCNY16.00
100    @a20071224d2005 km y0chiy0120 ea
101 0  @achi
102    @aCN@b310000
200 1  @a武术劲扇@Awu shu jin shan@f陆根秀编著@Flu gen xiu bian zhu
210    @a上海@c上海教育出版社@d2005.01
215    @a106页@d19cm@e光盘1张
606 0  @a武术
606 0  @a民族形式体育
690    @aG852.29@v4
701  0 @a陆根秀@Alu gen xiu@4编著
801  0 @aCN@b大连网信软件有限公司图书馆@c20080108
905    @aBZT@dG852.29@e1
906    @dCNY16.00@n0@r1
    
    武术劲扇/陆根秀编著.-上海:上海教育出版社,2005.01
    106页;19cm+光盘1张
    
    
    ISBN 7-5320-9925-3:CNY16.00
    
●
相关链接 在五车中查询图书 在当当中查询图书 在豆瓣中查询图书


正题名:武术劲扇     索取号:G852.29/1         预约/预借

序号 登录号 条形码 馆藏地/架位号 状态 备注
1 612825   2000612825   中心书库北库/ 北库025架B面3列5层5/ [索取号:G852.29/1] 在馆    
2 612826   2000612826   中心书库北库/ 北库025架B面3列5层11/ [索取号:G852.29/1] 在馆    
3 612827   2000612827   中心书库北库/ 北库025架B面3列5层9/ [索取号:G852.29/1] 在馆    
4 612828   2000612828   中心书库北库/ 北库025架B面3列5层8/ [索取号:G852.29/1] 在馆    
5 612829   2000612829   中心书库北库/ 北库025架B面3列5层6/ [索取号:G852.29/1] 在馆    
6 612830   2000612830   中心书库北库/ 北库025架B面3列5层12/ [索取号:G852.29/1] 在馆    
7 612831   2000612831   中心书库北库/ 北库025架B面3列5层13/ [索取号:G852.29/1] 在馆    
8 612832   2000612832   中心书库北库/ 北库025架B面3列6层8/ [索取号:G852.29/1] 在馆    
9 612833   2000612833   中心书库北库/ 北库025架B面3列5层10/ [索取号:G852.29/1] 在馆    
10 612834   2000612834   中心书库北库/ 北库025架B面3列5层7/ [索取号:G852.29/1] 在馆    
山东省滨州职业学院图书馆 欢迎您!
大连网信软件有限公司© 版权所有